000
00315nam a2200121Ia 4500
005
20251222155059.0
008
251222s9999||||xx |||||||||||||| ||spa||
082
_a
EDUM.57
100
_a
VARIOS AUTORES.
245
0
_a
Diversas exposiciones de Maestria - curso Realidad Nacional
264
_b
No tiene
942
_c
LIB
999
_c
37594
_d
37594